Build your own Macintosh and save a bundle

Bibliographic Details
Main Author: BRANT
Format: Book
Published: Blue Ridge Summit, PA : Windcrest , 1992
Edition:2nd ed.
Subjects:

MARC

LEADER 00000cam a2200000 7i4500
001 0000000515
005 20000825.0
020 0 0 |a 083063973X 
090 0 0 |a 621.3916   |b BRA 1992 
100 1 0 |a BRANT   |h Bob 
245 1 0 |a Build your own Macintosh and save a bundle   |c Bob Bryant 
250 0 0 |a 2nd ed. 
260 0 0 |a Blue Ridge Summit, PA :   |b Windcrest ,   |c 1992 
300 |a xx, 353 p. :   |b ill. ;   |c 24 cm. 
500 0 0 |a Includes index 
650 0 0 |a Macintosh-compatible computers   |x Design and construction   |x Amateurs' manuals 
650 0 0 |a Microcomputers   |x Design and construction   |x Amateurs' manuals 
999 |a 0000000328   |b Monograph   |c Open Shelf   |e Default branch